Portland Trail Blazers Roster - Statistics

General Stats
  • This quiz has been taken 12 times
  • The average score is 14 of 17
Answer Stats
Number Position Player % Correct
23 C Donovan Clingan
100%
5 PG Jrue Holiday
100%
35 C Robert Williams
100%
00 PG Scoot Henderson
100%
17 SG Shaedon Sharpe
100%
1 SG Blake Wesley
80%
2 PG Caleb Love
80%
0 PG Damian Lillard
80%
8 SF Deni Avdija
80%
26 C Duop Reath
80%
9 PF Jerami Grant
80%
24 SF Kris Murray
80%
4 SG Matisse Thybulle
80%
33 PF Toumani Camara
80%
16 C Yang Hansen
80%
21 SG Rayan Rupert
60%
91 SG Sidy Cissoko
60%
No matching quizzes found
Score Distribution
Percent of People with Each Score
Percentile by Number Answered
Your Score History
You have not taken this quiz